00760nam a2200253Ia 4500003000400000005001700004006001900021007000300040008004100043020001500084024001100099037004100110040002000151041001300171082002100184100002500205245009900230260005000329300001500379490000900394650003700403650003900440650002700479OSt20221006153409.0a|||||r|||| 00| 0 ta221006b |||||||| |||| 00| 0 eng d a0804749779 a32,219 bGift, Prof. Sonoko HijikatacTextual aEASLcEASLbeng 2engaeng aZ42,1945.N22, P5 aSchencking J Charles 0aMaking wavesb Politics, propaganda, and the emergence of the imperial Japanese navy 1868-1922 aStanfordbStanford University Press c2005 a283p.ccm. v JEL a Japan - Politics and government a Japan Kaigun - Political activity aJapan Kaigun - History